000 01141cam a22002771i 4500
003 SA-RiAUC
005 20241209131126.0
008 241205s1994 su g 00000bara c
040 _aSA-RiAUC
_bara
_cSA-RiAUC
_erda
043 _aa-su---
082 0 4 _a928.1
_qSA-RiAUC
090 _a928.1
_bح م ي
100 1 _aالحميدي، ناصر بن محمد،
_d1379 هجري-
_eمؤلف.
245 1 0 _aمن مذكرات كاتب /
_cإعداد ناصر بن محمد الحميدي.
250 _aالطبعة الثانية.
264 1 _aالرياض :
_bناصر بن محمد الحميدي،
_c1994
300 _a223 صفحة ؛
_c24 سم
336 _aنص
_btxt
_2rdacontent
_3كتاب
337 _aبدون وسيط
_bn
_2rdamedia
338 _aمجلد
_bnc
_2rdacarrier
600 1 7 _aالجهيمان، عبد الكريم بن عبد العزيز بن صالح،
_d1332-1433 هجري
_2aucnm
650 7 _aالأدباء العرب
_zالسعودية
_vتراجم
_2aucsh
650 7 _aالأدب العربي
_zالسعودية
_xتاريخ ونقد
_2aucsh
942 _2ddc
_cBOOK
_n0
949 _aSA-JeALM
_d241205
_umohamedma123
_n1
999 _c3167
_d3167